000 00708nam a2200241Ia 4500
003 OSt
005 20221005121611.0
006 a|||||r|||| 00| 0
007 ta
008 221004b |||||||| |||| 00| 0 eng d
024 _a65388
037 _cTextual
040 _aCRL
_cCRL
_beng
041 _2eng
_aeng
082 _aV45:21wK88, A
100 _aFraser James
_9406273
245 0 _aHistory of Nadir Shah, formerly called Thamas Kuli Khan, the present Emperor of Persia, to which is prefixed a short history of the Moghol Emperors, etc.
250 _a2nd
260 _c1870
650 _aHISTORY
942 _hV45:21wK88, A
_cTEXL
_2cc
999 _c1041681
_d1041681